|
|
|
|
| LEADER |
00000nam0a2200000 4500 |
| 001 |
124989 |
| 005 |
20231031131204.0 |
| 010 |
|
|
|a 9785469012399
|
| 035 |
|
|
|a (RuTPU)RU\TPU\book\135263
|
| 090 |
|
|
|a 124989
|
| 100 |
|
|
|a 20071109d2007 km y0rusy50 ca
|
| 101 |
1 |
|
|a rus
|c eng
|
| 102 |
|
|
|a RU
|
| 105 |
|
|
|a a z 001zy
|
| 200 |
1 |
|
|a Психология рекламного влияния. Как эффективно воздействовать на потребителей
|e пер. с англ.
|f Э. Плесси
|
| 210 |
|
|
|a СПб.
|c Питер
|d 2007
|
| 215 |
|
|
|a 272 с.
|c ил.
|
| 320 |
|
|
|a Библиография: с. 265-271.
|
| 330 |
|
|
|a Все усилия в области рекламы сводятся к воздействию на сознание потребителя. Привлечь внимание, произвести впечатление, отложиться в памяти — вот цель любого рекламного обращения. Чтобы этого добиться, можно действовать по наитию, а можно обратиться к научным исследованиям и опыту. Именно о них говорится в книге Эрика дю Плесси, специалиста глобальной исследовательской компании Mil/ward Brown. Разработанные автором и его коллегами методики оценки и мониторинга рекламы и прочих элементов брендинга широко и успешно применяются по всему миру. Дополненные новейшими открытиями в области изучения воздействия рекламы па потребителей, они делают книгу и научно обоснованной, и полезной с точки зрения практики.
|
| 610 |
1 |
|
|a реклама
|
| 610 |
1 |
|
|a психология
|
| 610 |
1 |
|
|a потребители
|
| 610 |
1 |
|
|a воздействие
|
| 610 |
1 |
|
|a эмоции
|
| 610 |
1 |
|
|a торговые марки
|
| 610 |
1 |
|
|a креатив
|
| 610 |
1 |
|
|a медиапланирование
|
| 610 |
1 |
|
|a рекламные объявления
|
| 610 |
1 |
|
|a психика
|
| 610 |
1 |
|
|a память
|
| 610 |
1 |
|
|a мозг
|
| 610 |
1 |
|
|a нейроны
|
| 610 |
1 |
|
|a сознание
|
| 610 |
1 |
|
|a рассудок
|
| 610 |
1 |
|
|a внимание
|
| 610 |
1 |
|
|a убеждение
|
| 610 |
1 |
|
|a медиастратегии
|
| 675 |
|
|
|a 659
|v 3
|
| 686 |
|
|
|a Ю945
|v LBC/SL-A
|2 rubbk
|
| 700 |
|
1 |
|a Плесси
|b Э.
|g Эрик дю
|
| 801 |
|
1 |
|a RU
|b 63413507
|c 20071109
|g PSBO
|
| 801 |
|
2 |
|a RU
|b 63413507
|c 20150623
|g PSBO
|
| 900 |
|
|
|a Психология рекламы
|
| 942 |
|
|
|c BK
|
| 959 |
|
|
|a 78/20071106
|d 1
|e 222,20
|f ЧЗГЛ:1
|